The contribution of archaeology to biblical studies
| Main Author: | |
|---|---|
| Format: | Print Article |
| Language: | English |
| Check availability: | HBZ Gateway |
| Interlibrary Loan: | Interlibrary Loan for the Fachinformationsdienste (Specialized Information Services in Germany) |
| Published: |
1983
|
| In: |
The catholic biblical quarterly
Year: 1983, Volume: 45, Issue: 1, Pages: 1-16 |
| IxTheo Classification: | HH Archaeology |
| Further subjects: | B
Archaeology
B Method |
| Parallel Edition: | Electronic
|
MARC
| LEADER | 00000caa a22000002c 4500 | ||
|---|---|---|---|
| 001 | 1643755307 | ||
| 003 | DE-627 | ||
| 005 | 20220608142708.0 | ||
| 007 | tu | ||
| 008 | 160405s1983 xx ||||| 00| ||eng c | ||
| 035 | |a (DE-627)1643755307 | ||
| 035 | |a (DE-576)463692667 | ||
| 035 | |a (DE-599)BSZ463692667 | ||
| 040 | |a DE-627 |b ger |c DE-627 |e rakwb | ||
| 041 | |a eng | ||
| 084 | |a 1 |2 ssgn | ||
| 100 | 1 | |0 (DE-588)119361760 |0 (DE-627)696024799 |0 (DE-576)212102443 |4 aut |a King, Philip J. |d 1925- | |
| 109 | |a King, Philip J. 1925- | ||
| 245 | 1 | 4 | |a The contribution of archaeology to biblical studies |
| 264 | 1 | |c 1983 | |
| 336 | |a Text |b txt |2 rdacontent | ||
| 337 | |a ohne Hilfsmittel zu benutzen |b n |2 rdamedia | ||
| 338 | |a Band |b nc |2 rdacarrier | ||
| 650 | 0 | 7 | |0 (DE-588)4038971-6 |0 (DE-627)106230158 |0 (DE-576)209032642 |a Methode |2 gnd |
| 650 | 0 | 7 | |0 (DE-588)4002827-6 |0 (DE-627)104459425 |0 (DE-576)208848878 |a Archäologie |2 gnd |
| 652 | |a HH | ||
| 773 | 0 | 8 | |i In |t The catholic biblical quarterly |d Washington, DC : Catholic University of America Press, 1939 |g 45(1983), 1, Seite 1-16 |w (DE-627)129389714 |w (DE-600)184574-3 |w (DE-576)014775395 |x 0008-7912 |7 nnas |
| 773 | 1 | 8 | |g volume:45 |g year:1983 |g number:1 |g pages:1-16 |
| 776 | |i Erscheint auch als |n elektronische Ausgabe |w (DE-627)1812331622 |k Electronic | ||
| 935 | |a mteo |a BIIN | ||
| 951 | |a AR | ||
| BIB | |a 1 | ||
| ELC | |b 1 | ||
| ITA | |a 1 |t 1 | ||
| LOK | |0 000 xxxxxcx a22 zn 4500 | ||
| LOK | |0 001 330939994X | ||
| LOK | |0 003 DE-627 | ||
| LOK | |0 004 1643755307 | ||
| LOK | |0 005 20160405102933 | ||
| LOK | |0 008 160404||||||||||||||||ger||||||| | ||
| LOK | |0 040 |a DE-Tue135 |c DE-627 |d DE-Tue135 | ||
| LOK | |0 092 |o n | ||
| LOK | |0 852 |a DE-Tue135 | ||
| LOK | |0 852 1 |9 00 | ||
| LOK | |0 935 |a ixzs |a ixmi | ||
| LOK | |0 939 |a 04-04-16 |b l01 | ||
| LOK | |0 000 xxxxxcx a22 zn 4500 | ||
| LOK | |0 001 3309399966 | ||
| LOK | |0 003 DE-627 | ||
| LOK | |0 004 1643755307 | ||
| LOK | |0 005 20190311181959 | ||
| LOK | |0 008 190311||||||||||||||||ger||||||| | ||
| LOK | |0 035 |a (DE-Tue135-1)22870 | ||
| LOK | |0 040 |a DE-Tue135-1 |c DE-627 |d DE-Tue135-1 | ||
| LOK | |0 852 |a DE-Tue135-1 | ||
| LOK | |0 852 1 |c FTHNT097714/45/KGP |m p |9 00 | ||
| LOK | |0 852 2 |b Z 4/140 |9 00 | ||
| LOK | |0 935 |a iZSA | ||
| LOK | |0 936ln |0 1442044187 |a HH | ||
| LOK | |0 938 |k p | ||
| LOK | |0 939 |a 11-03-19 |b l12 | ||
| ORI | |a SA-MARC-ixtheoa001.raw | ||
| STA | 0 | 0 | |a Archaeology,Archaeology,Archeology,Method |
| STB | 0 | 0 | |a Archéologie,Archéologie,Méthode |
| STC | 0 | 0 | |a Arqueología,Arqueología,Método |
| STD | 0 | 0 | |a Archeologia,Archeologia,Metodo |
| STE | 0 | 0 | |a 方法,办法,考古学,考古学 |
| STF | 0 | 0 | |a 方法,辦法,考古學,考古學 |
| STG | 0 | 0 | |a Arqueologia,Arqueologia,Método |
| STH | 0 | 0 | |a Археология (мотив),Археология,Метод |
| STI | 0 | 0 | |a Αρχαιολογία (μοτίβο),Αρχαιολογία,Μέθοδος |
| SUB | |a BIB | ||
| SYE | 0 | 0 | |a Methodik,Verfahren,Technik,Methoden , Archaeology,Altertumskunde |